Quiz sur la planète Mars - Statistiques

Statistiques générales
  • Ce quiz a été pris 43 fois
    24 depuis la dernière actualisation
  • Le résultat moyen est 7 sur 16
Statistiques - réponses
Question Réponse % Correct
Nom grec de Mars, dieu romain de la guerre Arès
90%
Élément responsable de la couleur de Mars Le fer rouillé
86%
Plus grand volcan du système solaire Olympus Mons
76%
Deux satellites naturels de Mars Phobos
71%
Deux satellites naturels de Mars Déimos
57%
Altitude de celui-ci, à un kilomètre près {22} km
52%
Compagnie américaine créée en 2002 ayant pour but la colonisation martienne SpaceX
52%
Mars possèdera ceci lorsque l'un d'eux s'y écrasera d'ici 40 millions d'années Des anneaux
48%
Nom donné au jour martien, qui dure 24 heures 39 minutes Sol
38%
Plus célèbre rover (robot) explorant Mars, ayant confirmé l'ancienne présence d'eau liquide à la surface Curiosity
33%
Première sonde à avoir atterri sur Mars, en 1976 Viking 1
29%
Nom de l'hélicoptère qui a effectué le premier vol interplanétaire dans l'atmosphère martienne, en 2021 Ingenuity
10%
Phénomène qui se produit l'été dans l'atmosphère de Mars Tempête de poussière
10%
Zones glacées aux pôles Nord et Sud de Mars Calottes polaires
5%
Composé chimique les constituant Glace carbonique
5%
Nom du canyon martien de 4 000 km de long Valles Marineris
5%
Aucun quiz correspondant
Distribution des résultats
% des personnes avec chaque résultat
Percentile par nombre de réponses
Votre historique - résultats
Vous n’avez pas pris ce quiz depuis la dernière actualisation